LEADER 01189nam a2200277 i 4500 001 000000203082 003 CaOOAMICUS 005 20151117000000.0 008 151117s1981 it u000 u ita u 013 $a181794 040 $aSeMil$bita 100 1 $aBuchanan, Keith.$0(OLS)http://semarc/name/73356 245 13$aUn miliardo di uomini :$bCina : il passato e il presente /$cKeith Buchanan, Charles P. Fitzgerald, Colin A. Ronan. 250 $a2. ed. 260 $aMilano :$bMondadori,$c1981. 300 $a519 p. :$bill. ;$c28 cm. 490 0 $aLibri illustrati Mondadori 650 4$aCina - Storia.$0(OLS)http://semarc/subject/1392 700 1 $aRonan, Colin A.$0(OLS)http://semarc/name/73358 700 1 $aFitzgerald, Charles P.$0(OLS)http://semarc/name/73357 830 0$aLibri illustrati Mondadori.$0(OLS)http://semarc/title/31352 850 $aSeMil 852 $aSeMil$W1$xVenegono$y1$m3W VIII 1$j222143$B153578$CSeMilBibl$Z2$F208378 $81 961 $aOmaggio: Istituto San Vincenzo 996 $6245$aUn miliardo di uomini :$bCina : il passato e il presente$9(OLS)http://semarc/title/293989 996 $6260$aMilano :$bMondadori$9(OLS)http://semarc/publisher/30335 LEADER 01080nas a2200229 i 4500 001 000000246262 003 CaOOAMICUS 005 20151103000000.0 008 151103b2015 it uu u0 0ita r 013 $a225167 040 $aSeMil$bita 245 10$aAnnuario Accademico 2015-2016. 260 $aMilano :$bGlossa,$cstampa 2015. 300 $a376 p. :$b[9] ill. ;$c19 cm. 500 $aA pič del front. : Facoltā Teologica dell'Italia Settentrionale. - Contiene : Sommario delle Tesi discusse nell'Anno Accademico 2014-2015 ; Annuario Accademico 2015-2016 [del] Centro Studi di Spiritualitā. 773 0 $tAnnuario Accademico [della] Facoltā Teologica dell'Italia Settentrionale.$dMilano : [s.n.], 1969-     .$w()1862 774 0 $t[vedi periodico].$w()288200 850 $aSeMil 852 $aSeMil$W1$xVenegono$y1$m249 3 55$j196608$B196608$CSeMilBibl$Z2$F207483 $85 961 $aOmaggio: Facoltā Teologica di Milano 996 $6245$aAnnuario Accademico 2015-2016$9(OLS)http://semarc/title/347988 996 $6260$aMilano :$bGlossa$9(OLS)http://semarc/publisher/29635